00790nam a2200205 a 450000100100000000500170001000800410002704000250006808200180009310000410011124500480015226000500020030000200025059000260027065000280029665000310032491000370035595201750039299900170056700003308520240412074257.0110817s1957 pr r 000 p spa d aDO-SdBNPbspacBNPHU aA861.44bE18e1 aEchavaria, Colónd1898-197995876610aEspaña en América /cColón Echavaria. aSan Juan, Puerto Rico :bLa Milagrosa,c1957. a20 p. ;c30 cm. aInventariado, 2018/VM 0aPoesía dominicana966 0aLiteratura dominicana.967 aValidado. Control de calidad MFF 001050718MOaPDbPDcHDd2011-08-17iLF1l0oA861.44 E18ep33085-10r2020-06-25w2020-06-25y1zPerteneció a la biblioteca personal de. Martínez BoogZNo se presta c32576d32576